| 000 | 00641cam a22001577a 4500 | ||
|---|---|---|---|
| 008 | 180718b2004 xxu||||| |||| 00| 0 eng d | ||
| 082 | _aL1x54 R299 | ||
| 100 | _aIndia. Task Force on Implementation of the Fiscal Responsibility and Budget Management Act | ||
| 245 |
_aReport of the Task Force on Implementation of the Fiscal Responsibility and Budget Management Act, 2003 _cby Ministry of Finance |
||
| 260 |
_aNew Delhi _bMinistry of Finance _c2004 |
||
| 300 | _a202p. | ||
| 500 | _aChairman: Vijay Kelkar | ||
| 650 | _aIndia - Appropriations and expenditures | ||
| 700 | _aIndia. Ministry of Finance | ||
| 700 | _aKelkar, Vijay (Chairman) | ||
| 999 |
_c492891 _d492891 |
||